000 01505nam0a22002891 4500
001 RU\NLR\A2\5606
005 20251203171251.9
035 _a(NLR Aleph) 009859126
090 _a10378740
_c10378740
100 _a19961114d1761 u y0rusy50 ca
101 0 _ager
102 _aRU
200 1 _aSchrift-Probe, oder Kurtzes Verzeichniss dererjenigen deutsch-lateinisch-griechisch- und russischen Schriften, welche seit 1755. sowol aus Deutschland verschrieben sind, wie auch in St. Petersburg gegossen als auch allhier in Moscou verfertiget worden, und isst in der Kayserlichen Moscowischen Universitäts-Buchdruckerey vorhanden sind, nebst ihren Benennungen in der Ordnung nach Nummern vom grösten bis zum kleinsten, wie auch Abdruck derer zur Auszierung gebräuchlichen Röschen, Vignetten, Figuren in Holtz geschnitten und andern vorräthigen Sachen mehr
_fAuf hohen Befehl und Verlangen zum ersten Mahl aufgesetzt von T.S. Höjer, Factor der Kayserlichen Universitäts-Buchdruckerey
210 _a[Moscou (Moskva)
_cGedruckt bey der Kayserlichen Universitäts-Buchdruckerey]
_d1761
215 _a[16] с.
_cил.
_d
321 1 _aСК XVIII(ин.) 1368
620 _dMoskva
700 1 _aHöjer
_bT.S.
_4070
712 0 1 _aMoskau
_bUniversität
_bDruckerei
_4610
801 0 _aRU
_bNLR
_c19961114
852 _aNLR
_bRossica
_j13.15.1.4
942 _cBOOK
980 _aNB
980 _aRossica
980 _ain18